| 000 | 00687nam a2200241Ia 4500 | ||
|---|---|---|---|
| 003 | OSt | ||
| 005 | 20220918222836.0 | ||
| 006 | a|||||r|||| 00| 0 | ||
| 007 | ta | ||
| 008 | 220917b |||||||| |||| 00| 0 eng d | ||
| 024 | _a218,530 | ||
| 037 | _cTextual | ||
| 040 |
_aARTS _cARTS _beng |
||
| 041 |
_2eng _aeng |
||
| 082 | _aV678.N, L6 | ||
| 100 |
_aBechtold Peter _9144208 |
||
| 245 | 0 |
_aPolitics in the Sudan _b Parliamentary and military rule in an emerging African Nation |
|
| 260 |
_aNew York _bPraeger Publication USA _c1976 |
||
| 300 |
_axxi,359p. _ccm. |
||
| 650 | _aHISTORY | ||
| 942 |
_hV678.N, L6 _cTEXL _2CC |
||
| 999 |
_c276627 _d276627 |
||